Sports in Movies - Statistics

General Stats
  • This quiz has been taken 39 times
  • The average score is 17 of 25
Answer Stats
Movie Sport % Correct
5) Space Jam, Hoosiers Basketball
100%
2) Rocky, Creed, the Fighter Boxing
100%
1) Happy Gilmore, Caddyshack Golf
100%
4) The Mighty Ducks, Miracle Ice Hockey
100%
3) Rudy, Friday Night Lights Football
97%
6) The Rookie, Field of Dreams Baseball
94%
7) Secretariat, Seabiscuit Horse Racing
91%
10) Kicking & Screaming, Pele Soccer
91%
9) Nacho Libre, Iron Claw Wrestling
89%
19) Cool Runnings Bobsled
80%
18) Blades of Glory, Cutting Edge Figure Skating
74%
8) F1, Talladega Nights Racing
74%
15) Kingpin, The Big Lebowski Bowling
71%
12) Point Break, The Shallows Surfing
71%
16) Spirit of the Marathon, Race Running
66%
21) Balls of Fury, Top Spin Table Tennis
57%
14) Bring it On, Fired Up Cheerleading
54%
23) Invictus, Forever Strong Rugby
54%
17) Touch the Wall, The Young Womanand the Sea Swimming
49%
25) The Hustler, The Color of Money Billiards
40%
20) A 2nd Chance, Raising the Bar Gymnastics
34%
11) Free Solo, 14 Peaks Mountain Climbing
29%
22) Here Comes the Boom, Smashing Machine Martial Arts
20%
13) Whip It Roller Derby
17%
24) Supercross, Hot Rod Motorcross
14%
No matching quizzes found
Score Distribution
Percent of People with Each Score
Percentile by Number Answered
Your Score History
You have not taken this quiz